000 01109cam a22002771 4500
999 _c328528
_d328528
001 4060046
003 Nust
005 20170411115036.0
008 711013s1965 nyub 000 1 eng
010 _a 66000953
020 _a070999006994
040 _aDLC
_cDLC
_dDLC
_dOCoLC
_dDLC
050 0 0 _aPZ3.T576
_bLo3
_aPR6039.O32
082 _a823.92
_bTOL
100 1 _aTolkien, J. R. R.
_q(John Ronald Reuel),
_d1892-1973.
245 1 4 _aThe lord of the rings;being the third part of The lord of the rings/
_cby J. R. R. Tolkien. With a new foreword by the author.
260 _aNew York,
_bBallantine Books
_c1965
300 _a507 p.
_bmaps.
_c18 cm.
505 0 _aPt. 1. The fellowship of the ring.--Pt. 2. The two towers.--Pt. 3. The return of the king.
600 1 0 _aBaggins, Frodo
_vFiction.
650 0 _aMiddle Earth (Imaginary place)
_vFiction.
650 0 _aFantasy fiction, English.
740 0 _aFellowship of the ring.
740 0 _aTwo towers.
740 0 _aReturn of the king.
906 _a7
_bcbc
_corignew
_du
_eocip
_f19
_gy-gencatlg
942 _2ddc
_cBK